| 000 -LEADER |
| fixed length control field |
00660nam a22001577a 4500 |
| 003 - CONTROL NUMBER IDENTIFIER |
| control field |
OSt |
| 005 - DATE AND TIME OF LATEST TRANSACTION |
| control field |
20150915155054.0 |
| 008 - FIXED-LENGTH DATA ELEMENTS--GENERAL INFORMATION |
| fixed length control field |
150915b xxu||||| |||| 00| 0 eng d |
| 040 ## - CATALOGING SOURCE |
| Transcribing agency |
RUA |
| 082 ## - DEWEY DECIMAL CLASSIFICATION NUMBER |
| Classification number |
AGR TAN 1999 BOO25 Or.1 |
| 100 ## - MAIN ENTRY--PERSONAL NAME |
| 9 (RLIN) |
534 |
| Personal name |
TAN, KHUNRATANA |
| 245 ## - TITLE STATEMENT |
| Title |
CONTRIBUTION TO THE STUDY ON CROWN OF THORNS CULTIVATION IN KIENSAVY DISTRICT KANDAL PROVINCE.(វិភាគទានសិក្សាអំពីផ្កាទេព្តាទាំងប្រាំបីទិសនៅស្រុកកៀនស្វាយ ខេត្តកណ្តាល) |
| 260 ## - PUBLICATION, DISTRIBUTION, ETC. (IMPRINT) |
| Place of publication, distribution, etc. |
phnom phen |
| Name of publisher, distributor, etc. |
RUA |
| Date of publication, distribution, etc. |
1999 |
| 300 ## - PHYSICAL DESCRIPTION |
| Extent |
35p. |
| Other physical details |
ill. |
| Dimensions |
1999 |
| 942 ## - ADDED ENTRY ELEMENTS (KOHA) |
| Source of classification or shelving scheme |
|
| Koha item type |
AGR |